| 000 | 00685aam a2200265 4500 | ||
|---|---|---|---|
| 005 | 20240716092448.0 | ||
| 008 | 150313b2011 cr ||||| |||| 00| 0 spa d | ||
| 020 | _a9789968670012 | ||
| 041 | _aESP | ||
| 041 | _aING | ||
| 082 | _a582.16 P977a2 | ||
| 100 |
_aPucci, Juan Jose _925843 |
||
| 245 | _aÁrboles mágicos de Costa Rica: magical trees Costa Rica | ||
| 250 | _a2 edición | ||
| 260 | _aCosta Rica | ||
| 260 | _bFundación Árboles Mágicos | ||
| 260 | _c2011 | ||
| 300 | _a232 páginas | ||
| 440 | _aÁrboles mágicos | ||
| 505 | _aIncluye fotografías | ||
| 650 | _aÁRBOLES | ||
| 650 | _aCONSERVACIÓN DE LOS RECURSOS | ||
| 942 |
_cBK _2ddc |
||
| 999 |
_c3933 _d3933 |
||